| 000 | 01435 am a2200277 a 4500 | ||
|---|---|---|---|
| 005 | 20240221115800.0 | ||
| 008 | 100330s1993||||ag ||||||l s||||||spa d | ||
| 020 | _aS/N | ||
| 041 | _aspa | ||
| 092 |
_c618.2 _l68 _sPRO |
||
| 110 | 1 |
_aArgentina. Ministerio de Salud y Acción Social de la Nación. _bDirección de Maternidad e Infancia _91077 |
|
| 245 |
_aPropuesta Normativa Perinatal. _bT.1 Atención del embarazo normal, parto de bajo riesgo y atención inmediata del recién nacido / _cMinisterio de Salud y Acción Social de la Nación. |
||
| 250 | _a1a ed. | ||
| 260 |
_aBuenos Aires: _bMinisterio de Salud y Acción Social de la Nación; _c1993. |
||
| 300 |
_a199 p. _bil. |
||
| 500 | _aArgentina. Ministerio de Salud y Acción Social de la Nación. Dirección de Maternidad e Infancia. (1993). Propuesta Normativa Perinatal. T.1 Atención del embarazo normal, parto de bajo riesgo y atención inmediata del recién nacido. (1a ed.). Buenos Aires : Ministerio de Salud y Acción Social de la Nación. | ||
| 653 | _aProceso de normatización | ||
| 653 | _aPropuesta normativa sobre atención del parto de bajo riesgo | ||
| 653 | _aPropuesta normativa atención inmediata del recién nacido | ||
| 653 | _aNormas de bioseguridad | ||
| 653 | _aToma de decisiones en base al sistema informático perinatal | ||
| 653 | _aOrganización de servicios de perinatología | ||
| 930 | _a1273 | ||
| 930 | _a393 | ||
| 942 |
_2ddc _cBK |
||
| 999 |
_c204 _d204 |
||